[Event "St Petersburg Botvinnik 100 op"]
[Site "St Petersburg"]
[Date "2011.08.20"]
[Round "9"]
[White "Kazantsev, Alexandr"]
[Black "Tantsov, Peter"]
[Result "1-0"]
[WhiteElo "1958"]
[BlackElo "1777"]
[PlyCount "75"]
[EventDate "2011.08.12"]
[EventType "swiss"]
[EventRounds "9"]
[EventCountry "RUS"]
[SourceTitle "CBM 143 Extra"]
[Source "ChessBase"]
[SourceDate "2011.08.29"]
[SourceVersion "1"]
[SourceVersionDate "2011.08.29"]
[SourceQuality "1"]

1. Nf3 Nf6 2. d4 d5 3. c4 e6 4. Nc3 c6 5. e3 Nbd7 6. Qc2 a6 7. Bd3 dxc4 8. Bxc4 b5 9. Be2 Bb7 10. 0-0 Be7 11. Rd1 Qc7 12. a3 c5 13. Bd2 cxd4 14. Nxd4 0-0 15. Rac1 Rac8 16. Qb1 Qb8 17. h3 Nc5 18. b4 Nce4 19. Nxe4 Bxe4 20. Bd3 Bxd3 21. Qxd3 Qd6 22. Qb3 Ne4 23. Be1 Rxc1 24. Rxc1 Qe5 25. Rc6 Ra8 26. f4 Qf6 27. f5 Nd6 28. fxe6 Nc4 29. Bg3 Qg5 30. exf7+ Kxf7 31. Bf4 Qd5 32. Qd3 Kg8 33. Kh1 a5 34. e4 Qf7 35. Nxb5 Qxf4 36. Qxc4+ Kf8 37. Nc7 Qe5 38. Qf1+ 1-0

[Event "Vladimir op-B"]
[Site "Vladimir"]
[Date "2009.08.19"]
[Round "1"]
[White "Krivonos, Nikolay"]
[Black "Tantsov, Peter"]
[Result "1-0"]
[WhiteElo "2294"]
[BlackElo "1762"]
[PlyCount "41"]
[EventDate "2009.08.19"]
[EventType "swiss"]
[EventRounds "9"]
[EventCountry "RUS"]
[SourceTitle "EXT 2012"]
[Source "ChessBase"]
[SourceDate "2011.11.24"]
[SourceVersion "1"]
[SourceVersionDate "2011.11.24"]
[SourceQuality "1"]

1. Nf3 Nf6 2. g3 g6 3. Bg2 Bg7 4. 0-0 0-0 5. c4 c5 6. Nc3 Nc6 7. d4 d6 8. dxc5 dxc5 9. Qxd8 Rxd8 10. Na4 Be6 11. Nxc5 Bxc4 12. Nxb7 Rdc8 13. Nc5 Bxe2 14. Re1 Bxf3 15. Bxf3 Rab8 16. Nb3 e6 17. Bf4 Rb5 18. Be2 Rb4 19. Rac1 Ne7 20. Bd6 Re4 21. Bxe7 1-0

[Event "Moscow op-B"]
[Site "Moscow"]
[Date "2009.02.07"]
[Round "8"]
[White "Staroselsky, Vladimir"]
[Black "Tantsov, Peter"]
[Result "0-1"]
[WhiteElo "1957"]
[BlackElo "1762"]
[PlyCount "63"]
[EventDate "2009.01.31"]
[EventType "swiss"]
[EventRounds "9"]
[EventCountry "RUS"]
[SourceTitle "EXT 2012"]
[Source "ChessBase"]
[SourceDate "2011.11.24"]
[SourceVersion "1"]
[SourceVersionDate "2011.11.24"]
[SourceQuality "1"]

1. d4 d5 2. c4 c6 3. Nf3 Nf6 4. Nc3 Bf5 5. e3 e6 6. Bd3 Bxd3 7. Qxd3 Nbd7 8. 0-0 Bd6 9. h3 0-0 10. b3 e5 11. dxe5 Nxe5 12. Nxe5 dxc4 13. Qf5 g6 14. Nxg6 fxg6 15. Qe6+ Rf7 16. Qxc4 Qc7 17. Bb2 Raf8 18. a4 a5 19. Rad1 h6 20. Rd3 Kh7 21. Rd2 Nh5 22. Ne4 Bh2+ 23. Kh1 Ng3+ 24. Nxg3 Bxg3 25. f3 Qe7 26. Rd3 Be5 27. Bd4 Bxd4 28. Qxd4 Qe6 29. Rfd1 Rxf3 30. Qd7+ Qxd7 31. Rxd7+ R3f7 32. Kg1 0-1

[Event "Moscow op-B"]
[Site "Moscow"]
[Date "2009.02.04"]
[Round "5"]
[White "Knyazev, Nikolay"]
[Black "Tantsov, Peter"]
[Result "1-0"]
[WhiteElo "1999"]
[BlackElo "1762"]
[PlyCount "49"]
[EventDate "2009.01.31"]
[EventType "swiss"]
[EventRounds "9"]
[EventCountry "RUS"]
[SourceTitle "EXT 2012"]
[Source "ChessBase"]
[SourceDate "2011.11.24"]
[SourceVersion "1"]
[SourceVersionDate "2011.11.24"]
[SourceQuality "1"]

1. e4 c5 2. Nf3 d6 3. d4 cxd4 4. Nxd4 Nf6 5. Nc3 a6 6. g3 e6 7. Bg2 Nbd7 8. h3 Be7 9. Be3 Qc7 10. 0-0 0-0 11. f4 e5 12. Nf5 Nc5 13. Nxe7+ Qxe7 14. f5 b5 15. b4 Ncd7 16. g4 Bb7 17. g5 Ne8 18. h4 Rc8 19. Qd2 f6 20. a4 a5 21. bxa5 bxa4 22. Nxa4 Rc4 23. Rfb1 Bxe4 24. Bxe4 Rxe4 25. Qd5+ 1-0

[Event "Moscow op-B"]
[Site "Moscow"]
[Date "2009.02.03"]
[Round "4"]
[White "Tantsov, Peter"]
[Black "Volodin, Andrej"]
[Result "1-0"]
[WhiteElo "1762"]
[BlackElo "1400"]
[PlyCount "71"]
[EventDate "2009.01.31"]
[EventType "swiss"]
[EventRounds "9"]
[EventCountry "RUS"]
[SourceTitle "EXT 2012"]
[Source "ChessBase"]
[SourceDate "2011.11.24"]
[SourceVersion "1"]
[SourceVersionDate "2011.11.24"]
[SourceQuality "1"]

1. d4 d5 2. c4 e6 3. Nc3 c6 4. e3 Nf6 5. Nf3 Bd6 6. Bd3 dxc4 7. Bxc4 b5 8. Bd3 Nbd7 9. 0-0 Bb7 10. e4 Bc7 11. Re1 h6 12. d5 Ne5 13. Nxe5 Bxe5 14. f4 Bc7 15. dxc6 Bxc6 16. e5 Nd5 17. Bxb5 Bxb5 18. Nxb5 0-0 19. Nc3 Nb4 20. Qe2 Qe7 21. a3 Nc6 22. Be3 Rab8 23. b4 Bb6 24. Red1 Rfd8 25. Ne4 Nd4 26. Qf2 Nf5 27. Bxb6 Rxb6 28. g4 Nh4 29. Rd6 Rb5 30. Rxd8+ Qxd8 31. Nd6 Ng6 32. Qxa7 Qh4 33. Qxf7+ Kh7 34. Ne8 Qxg4+ 35. Kf2 Nxf4 36. Nf6+ 1-0